| 000 | 00356nam a2200145Ia 4500 | ||
|---|---|---|---|
| 008 | 220803s9999 xx 000 0 und d | ||
| 020 | _a978-0-471-67495-5 | ||
| 041 | _aeng | ||
| 082 | _a635.9'671 WEI | ||
| 100 |
_aWeiler S K _924650 |
||
| 245 | _aGreen Roof Systems | ||
| 260 |
_aNew Jersey _bWiley Publication _c2009 |
||
| 300 | _a313p | ||
| 500 | _aENVIR | ||
| 999 |
_c15554 _d15554 |
||